A szegedi Kertbérlő-társaság 250 hold földet kér a tanácstól
Elmentve itt :
| Dokumentumtípus: | Cikk |
|---|---|
| Megjelent: |
1918-05-03
|
| Sorozat: | Délmagyarország
7 No. 101 |
| Kulcsszavak: | Szamosiné Tóth Margit, Mennyey Lászlóné, Földbérlet Baktó 1918 |
| Online Access: | http://dmarchiv.bibl.u-szeged.hu/44036 |
| LEADER | 00493nab a2200145 i 4500 | ||
|---|---|---|---|
| 001 | delm44036 | ||
| 005 | 20180927131941.0 | ||
| 008 | 180927s1918 hu o 0|| hun d | ||
| 040 | |a SZTE Délmagyarország Archívum |b hun | ||
| 041 | |a hun | ||
| 245 | 0 | 2 | |a A szegedi Kertbérlő-társaság 250 hold földet kér a tanácstól |h [elektronikus dokumentum] |
| 260 | |c 1918-05-03 | ||
| 300 | |a 4 | ||
| 490 | 0 | |a Délmagyarország |v 7 No. 101 | |
| 695 | |a Szamosiné Tóth Margit, Mennyey Lászlóné, Földbérlet Baktó 1918 | ||